|
|
|
|
| LEADER |
01539njm a2200361 a 4500 |
| 001 |
000281719 |
| 003 |
CZ BrMZK |
| 005 |
20201027201037.0 |
| 008 |
950101s1996 xr f cze d |
| 028 |
0 |
3 |
|a 71 0399-4
|b Bonton Music
|
| 040 |
|
|
|a BOA001
|b cze
|
| 080 |
|
|
|a 885.0-93-31(086.7)
|2 MRF
|
| 100 |
1 |
|
|a Horčička, Jiří,
|d 1927-2007
|7 jk01042164
|4 aut
|4 drt
|
| 245 |
1 |
0 |
|a Proč Červená Karkulka nepotkala vlka
|h [zvukový záznam] /
|c Jiří Horčička.
|
| 260 |
|
|
|a Praha :
|b Bonton Music,
|c p1989, p1996
|
| 300 |
|
|
|a 1 MC +
|e 1 slož. list.
|
| 306 |
|
|
|a 005601
|
| 500 |
|
|
|a Durata 56:01
|
| 500 |
|
|
|a Nahr. 1984
|
| 511 |
0 |
|
|a Účinkují: Libuše Havelková, Vladimír Brabec, Václav Postránecký...[et al.]. Komorní soubor, řídí Vladimír Truc.
|
| 700 |
1 |
|
|a Brabec, Vladimír,
|d 1934-2017
|7 jn19981000322
|4 nrt
|
| 700 |
1 |
|
|a Filipovský, František,
|d 1907-1993
|7 jk01031193
|4 nrt
|
| 700 |
1 |
|
|a Havelková, Libuše,
|d 1924-2017
|7 jn19981001434
|4 nrt
|
| 700 |
1 |
|
|a Kemr, Josef,
|d 1922-1995
|7 jn19990009881
|4 nrt
|
| 700 |
1 |
|
|a Medvecká, Taťjana,
|d 1953-
|7 jn99240000711
|4 nrt
|
| 700 |
1 |
|
|a Postránecký, Václav,
|d 1943-2019
|7 jn19990209683
|4 nrt
|
| 700 |
1 |
|
|a Sequensová, Sylva,
|d 1958-
|7 xx0069421
|4 prf
|
| 700 |
1 |
|
|a Truc, Vladimír,
|d 1932-
|7 jo2003163269
|4 cnd
|
| 700 |
1 |
|
|a Šviha, Artur,
|d 1927-1993
|7 xx0168034
|4 nrt
|
| 700 |
1 |
|
|a Bek, Josef,
|d 1918-1995
|7 jk01011408
|4 nrt
|
| 910 |
|
|
|a BOA001
|b KZ-0005.580
|
| 990 |
|
|
|a AV
|
| 996 |
6 |
|
|b 261H005793
|c KZ-0005.580
|l MZK
|r Sklad / do 24 hodin
|n 1
|p p.v.
|w 000281719
|u 000010
|a 1
|e BOA001
|j MZK50
|s P
|